Gaming Quiz

Random Gaming or Video Games Quiz

Smash Bros. Characters by Moves Quiz Stats

 Plays Quiz Updated Nov 6, 2018

     
Support Sporcle.
Go Orange.
Score 0/55 Timer 08:00
2 Plays Today
Moves Character % Correct
Egg Lay/Egg Throw/Egg RollYoshi
83.7%
Falcon Punch/Falcon Kick/Raptor BoostCaptain Falcon
83.2%
Thunder Jolt/Quick Attack/ThunderPikachu, Pichu
82.3%
Hero's Bow/Bomb/Gale BoomerangLink, Toon Link, Young Link
80.7%
Toad/Parasol/VegetablePeach
80.6%
Rollout/Sing/RestJigglypuff
80.5%
Water Shuriken/Shadow Sneak/Hydro PumpGreninja
80.1%
Clown Cannon/Abandon Ship!/MechakoopaBowser Jr.
80.1%
PK Flash/PK Thunder/PK FireNess
79.6%
Peanut Popgun/Rocketbarrel Boost/Banana PeelDiddy Kong
79.5%
Bonus Fruit/Power Pellet/Fire HydrantPac-Man
79.5%
Inhale/Final Cutter/StoneKirby
78.5%
Lloid Rocket/Balloon Trip/TimberVillager
78.1%
Hand Grenade/C4/Remote Controlled MissileSnake
78%
Sun Salutation/Header/Deep BreathingWii Fit Trainer
76.6%
Trick Shot/Clay Shooting/Wild GunmanDuck Hunt
75.8%
Fireball/F.L.U.D.D./CapeMario
75.6%
Star Bits/Gravitational Pull/Launch StarRosalina & Luma
75.5%
Ice Shot/Blizzard/Squall HammerIce Climbers
75.5%
Metal Blade/Rush Coil/Leaf ShieldMega Man
75.5%
Megavitamins/Super Sheet/Dr. TornadoDr. Mario
75.2%
Shield Breaker/Dolphin Slash/Dancing BladeLucina
74.8%
Water Gun/Waterfall/WithdrawPokémon Trainer - Squirtle
74.7%
Monado Arts/Air Slash/VisionShulk
73.7%
Flamethrower/Fly/Rock SmashCharizard (with and without Trainer)
73.4%
Robo Beam/Gyro/Arm RotorR.O.B.
72.4%
Palutena's Arrow/Wings of Icarus/Angel RingPit
72.4%
Charge Shot/Screw Attack/MissileSamus
72.2%
Moves Character % Correct
Inhale/Jet Hammer/Waddle Dee ThrowKing Dedede
72%
Bullet Seed/Vine Whip/Razor LeafPokémon Trainer - Ivysaur
71.7%
PK Freeze/PK Thunder/PK FireLucas
71.4%
Blaster/Fire (insert character name)/ReflectorFox, Falco, Wolf
71.4%
Thunder/Elwind/NosferatuRobin
71.1%
Pikmin Pluck/Pikmin Order/Pikmin ThrowOlimar
70.9%
Shadow Ball/Confusion/TeleportMewtwo
70.5%
Silver Bow/Electroshock Arm/Guardian OrbitarsDark Pit
70%
Autoreticle/Angelic Missile/LightweightPalutena
68.9%
Nayru's Love/Farore's Wind/Din's FireZelda
67.4%
Fire Breath/Whirling Fortress/Flying SlamBowser
67.1%
Chef/Fire/Oil PanicMr. Game & Watch
67%
Jolt Haymaker/Rising Uppercut/Slip CounterLittle Mac
66.9%
Super Jump Punch/Cyclone/Green MissileLuigi
65.9%
Warlock Punch/Wizard's Foot/Flame ChokeGanondorf
65.4%
Aura Sphere/Double Team/Force PalmLucario
64.5%
Giant Punch/Hand Slap/Head ButtDonkey Kong
64.3%
Shield Breaker/Dolphin Slash/Dancing BladeMarth
63.2%
Needle Storm/Vanish/ChainSheik
63%
Chomp/Corkscrew/WaftWario
62.2%
Flare Blade/Double-Edge Dance/BlazerRoy
59.6%
Homing Attack/Spin Charge/Spin DashSonic
58.9%
Eruption/Aether/Quick DrawIke
56.6%
Mach Tornado/Shuttle Loop/Drill RushMeta Knight
56.5%
Shot Put/Onslaught/Piston PunchMii Brawler
54.5%
Blade Flurry/Chakram/Hero's SpinMii Swordfighter
50.2%
Laser Blaze/Flame Pillar/Lunar LaunchMii Gunner
45%

From the Vault

VH1's Top 100 Love Songs

by jhc_phd09

Music 12m
Can love be described in 100 songs? Who knows. But it's pretty close.
Remove Ads.
Support Sporcle.
Get the best of Sporcle when you Go Orange. This ad-free experience offers more features, more stats, and more fun while also helping to support Sporcle. Thank you for becoming a member.

Show Comments

Extras

Top Quizzes Today


Score Distribution

Your Account Isn't Verified!

In order to create a playlist on Sporcle, you need to verify the email address you used during registration. Go to your Sporcle Settings to finish the process.

Report this User

Report this user for behavior that violates our Community Guidelines.

Details: